000 00964nam a2200229Ia 4500
003 GCL
005 20240530102122.0
008 140319s9999 xx 000 0 ara d
040 _aGCL /
_cGCL
082 0 4 _a953
_bك ب
100 1 _aابن كثير القرشى : عماد الدين ابوالفداء اسماعيل بن عمر بن كثير بن ضوء البصرى الدمشقى
245 1 0 _aالبداية والنهاية /
_cابن كثير القرشى : عماد الدين ابوالفداء اسماعيل بن عمر بن كثير بن ضوء البصرى الدمشقى
250 _aالثانية
260 _aبيروت :
_bمكتبة المعارف ،
_c1990
300 _a15 ج فى 8 مج ؛
_c24 سم
650 0 4 _aالاسلام
650 0 4 _aالتاريخ الاسلامى
650 0 4 _aانتشار الاسلام
650 0 4 _aالحضارة الاسلامية
650 0 4 _aالاسلام - تراجم
942 _2ddc
_cBK
999 _c29964
_d29964